Famous NASCAR Race Winners #1 - Statistics

General Stats
  • This quiz has been taken 121 times
  • The average score is 10 of 15
Answer Stats
Hint Explanation Answer % Correct
1998 Daytona 500 20 years of trying, 20 years of frustration Dale Earnhardt
86%
2012 Finger Lakes 355 at the Glen Ambrose's final win Marcos Ambrose
80%
2011 Daytona 500 Bayne's only win; 2nd career start Trevor Bayne
80%
2022 EchoPark Automotive Texas Grand Prix First career win Ross Chastain
76%
1959 Daytona 500 First Daytona 500 ever Lee Petty
75%
2001 Pepsi 400 First race at Daytona since Dale Sr's death Dale Earnhardt Jr
68%
1994 Brickyard 400 First Brickyard 400 ever Jeff Gordon
67%
1984 Firecracker 400 Petty's 200th win Richard Petty
64%
2018 Coca-Cola 600 First career win Austin Dillon
62%
2016 Toyota/Save-Mart 350 Sonoma; Stewart's final win Tony Stewart
62%
1949 Charlotte First NASCAR race ever Jim Roper
61%
2018 Overton's 400 Chicagoland; epic finish with Kyle Larson Kyle Busch
61%
2003 Carolina Dodge Dealers 400 Darlington; Closest finish in NASCAR history Ricky Craven
61%
2001 Cracker Barrel Old Country Store 500 Atlanta; First career win; weeks after Dale Sr's death Kevin Harvick
53%
2005 Golden Corral 500 Atlanta; Edwards' first win Carl Edwards
47%
No matching quizzes found
Score Distribution
Percent of People with Each Score
Percentile by Number Answered
Your Score History
You have not taken this quiz